[Event "AUTO-OPEN-2643"]
[Site "http://www.queenalice.com/game.php?id=1121907"]
[Date "2012.11.13"]
[Round "2"]
[White "Janivgm"]
[Black "ricardobianchin"]
[Result "1-0"]
[WhiteElo "1853"]
[BlackElo "1820"]

1. d4 d5 2. c4 e6 3. Nc3 Nf6 4. cxd5 exd5 5. Bg5 Be7 6. e3 O-O 7. Bd3 Nbd7 8.
Nf3 c6 9. Qc2 Re8 10. O-O-O Nf8 11. h4 h6 12. Bf4 Be6 13. Ne5 Rc8 14. f3 c5 15.
g4 Qa5 16. g5 Nh5 17. gxh6 Nxf4 18. exf4 cxd4 19. hxg7 Ng6 20. Nxg6 fxg6 21.
Bxg6 Bf7 22. Bxf7+ Kxf7 23. Qf5+ Bf6 24. Rxd4 Rxc3+ 25. bxc3 Qxc3+ 26. Kb1 Qxd4
27. Qh5+ Kg8 28. Qxe8+ Kxg7 29. Qd7+ Kg6 30. Qe8+ 1-0

[Event "AUTO-OPEN-2764"]
[Site "http://www.queenalice.com/game.php?id=1135079"]
[Date "2012.12.28"]
[Round "2"]
[White "hba111"]
[Black "ricardobianchin"]
[Result "1-0"]
[WhiteElo "2546"]
[BlackElo "1764"]

1. e4 e5 2. Nf3 Nc6 3. Bc4 Nf6 4. d4 exd4 5. e5 d5 6. Bb5 Ne4 7. Nxd4 Bd7 8.
Bxc6 bxc6 9. O-O Be7 10. c4 dxc4 11. Qe2 c5 12. Nc2 1-0

[Event "AUTO-OPEN-2764"]
[Site "http://www.queenalice.com/game.php?id=1135080"]
[Date "2012.12.28"]
[Round "2"]
[White "ricardobianchin"]
[Black "hba111"]
[Result "0-1"]
[WhiteElo "1766"]
[BlackElo "2545"]

1. e4 g6 2. d4 c6 3. Nf3 Bg7 4. Nc3 Nf6 5. Bd3 d6 6. O-O O-O 7. Re1 Nbd7 8. Be3
e5 9. Qd2 exd4 10. Nxd4 Nc5 11. Nb3 Nxd3 0-1

[Event "AUTO-OPEN-2764"]
[Site "http://www.queenalice.com/game.php?id=1135089"]
[Date "2012.12.28"]
[Round "2"]
[White "ricardobianchin"]
[Black "norbertokruger"]
[Result "0-1"]
[WhiteElo "1791"]
[BlackElo "1873"]

1. e4 e5 2. Nf3 Nc6 3. Nc3 a6 4. d4 Qf6 5. Nd5 Qd6 6. Bc4 h6 7. O-O Be7 8. dxe5
Nxe5 9. Bf4 Bf6 10. Nxf6+ Qxf6 0-1

[Event "AUTO-OPEN-2764"]
[Site "http://www.queenalice.com/game.php?id=1135090"]
[Date "2012.12.28"]
[Round "2"]
[White "norbertokruger"]
[Black "ricardobianchin"]
[Result "1-0"]
[WhiteElo "1859"]
[BlackElo "1805"]

1. e4 e5 2. Nf3 Nc6 3. a3 Nf6 4. Nc3 d5 5. Bd3 d4 6. Ne2 Bd6 7. O-O O-O 8. c4
Be6 9. Qb3 Na5 10. Qb5 c6 11. Qa4 1-0

[Event "AUTO-OPEN-2764"]
[Site "http://www.queenalice.com/game.php?id=1135091"]
[Date "2012.12.28"]
[Round "2"]
[White "ricardobianchin"]
[Black "Mannu"]
[Result "0-1"]
[WhiteElo "1762"]
[BlackElo "2115"]

1. e4 c5 2. Nf3 Nc6 3. Nc3 g6 4. d4 cxd4 5. Nxd4 Bg7 6. Bd3 Nxd4 7. O-O e5 8. f4
d6 9. Be3 Nc6 10. fxe5 dxe5 11. Bb5 Be6 0-1

[Event "AUTO-OPEN-2764"]
[Site "http://www.queenalice.com/game.php?id=1135092"]
[Date "2012.12.28"]
[Round "2"]
[White "Mannu"]
[Black "ricardobianchin"]
[Result "1-0"]
[WhiteElo "2116"]
[BlackElo "1760"]

1. g4 e5 2. Bg2 d5 3. c4 dxc4 4. Qa4+ c6 5. Qxc4 Be6 6. Qc3 Nf6 7. h3 Bd6 8. e4
O-O 9. Na3 b5 10. Nc2 c5 11. Nf3 1-0

[Event "Let's Play Chess!"]
[Site "http://www.queenalice.com/game.php?id=1262181"]
[Date "2014.3.8"]
[Round "-"]
[White "igorjava"]
[Black "ricardobianchin"]
[Result "1-0"]
[WhiteElo "1916"]
[BlackElo "1746"]

1. e4 e5 2. f4 Nc6 3. Nf3 d6 4. Bc4 Nf6 5. Nc3 a6 6. O-O exf4 7. d4 Be7 8. Bxf4
b5 9. Bd3 O-O 10. a3 Bg4 11. Be3 b4 12. axb4 Nxb4 13. Qd2 d5 14. e5 Ne4 15. Nxe4
dxe4 16. Bxe4 Nd5 17. Bf2 c6 18. c4 Nb4 19. Ra4 a5 20. Qc3 Qd7 21. b3 f5 22.
exf6 Bxf6 23. Ne5 Qe6 24. Qg3 Bf5 25. Bf3 Bd3 26. Nxd3 Nxd3 27. d5 cxd5 28. Bxd5
Qxd5 29. cxd5 Nc5 30. Bxc5 Rfe8 31. Re1 Rec8 32. Bb6 Bc3 33. Re7 Bf6 34. Rc7
Rxc7 35. Bxc7 Re8 36. h3 g5 37. Rxa5 1-0

[Event "Let's Play Chess!"]
[Site "http://www.queenalice.com/game.php?id=1272116"]
[Date "2014.4.11"]
[Round "-"]
[White "ricardobianchin"]
[Black "Knighthawk"]
[Result "1-0"]
[WhiteElo "1737"]
[BlackElo "1616"]

1. e4 e5 2. Nf3 d6 3. d3 Bg4 4. Be2 h6 5. O-O Qf6 6. Nc3 c6 7. d4 Bxf3 8. Bxf3
Nd7 9. d5 cxd5 10. Nxd5 Qg6 11. Nc7+ Kd8 12. Nxa8 Ngf6 13. Be3 b6 14. Qd3 Be7
15. Qa6 Ke8 16. Qc8+ Bd8 17. Nc7+ Ke7 18. Rad1 Nxe4 19. Qb7 Nec5 20. Qxa7 Qxc2
21. b4 Nd3 22. Nd5+ Ke8 23. a3 Nb2 24. Rd2 Qb3 25. Bg4 Nc4 26. Qxd7+ Kf8 27.
Qxd8# 1-0

[Event "Let's Play Chess!"]
[Site "http://www.queenalice.com/game.php?id=1275641"]
[Date "2014.4.24"]
[Round "-"]
[White "ricardobianchin"]
[Black "Zefil"]
[Result "0-1"]
[WhiteElo "1739"]
[BlackElo "1954"]

1. e4 b6 2. d4 Bb7 3. Nc3 e6 4. Nf3 Bb4 5. Bd3 Nf6 6. e5 Nd5 7. Bd2 Bxc3 8. bxc3
d6 9. O-O Nd7 10. exd6 cxd6 11. c4 N5f6 12. Rb1 Rb8 13. Qe2 O-O 14. Bb4 Qc7 15.
Ng5 h6 16. Ne4 Nxe4 17. Bxe4 Bxe4 18. Qxe4 Nf6 19. Qf3 Rfd8 20. Rbc1 Qxc4 21.
Ba3 Qd5 22. Qxd5 Nxd5 23. c4 Nf4 24. Rc2 Rbc8 25. Bc1 Nd5 26. Bd2 Rd7 27. Rb2
Ne7 28. Rc1 Rdc7 29. c5 dxc5 30. dxc5 Rxc5 31. Rbc2 Rxc2 0-1

[Event "Let's Play Chess!"]
[Site "http://www.queenalice.com/game.php?id=1275653"]
[Date "2014.4.24"]
[Round "-"]
[White "Zefil"]
[Black "ricardobianchin"]
[Result "1-0"]
[WhiteElo "1918"]
[BlackElo "1748"]

1. Nf3 d5 2. c4 Nf6 3. d3 e6 4. Bf4 Bc5 5. d4 Bb4+ 6. Nc3 dxc4 7. e4 Nxe4 8. Bd2
O-O 9. Nxe4 Be7 10. Bxc4 Nc6 11. Bc3 b5 12. Bxb5 Bd7 13. Bd3 f5 14. Nc5 f4 15.
Qc2 Rf5 16. Bxf5 exf5 17. Rd1 Rb8 18. Ne5 Nxe5 19. dxe5 Bxc5 20. Qd2 Qf8 21.
Qxd7 Rc8 22. O-O Bb6 23. e6 a5 24. e7 Qe8 25. Qxc8 Qxc8 26. Rd8+ 1-0

[Event "Let's Play Chess!"]
[Site "http://www.queenalice.com/game.php?id=1275951"]
[Date "2014.4.25"]
[Round "-"]
[White "ricardobianchin"]
[Black "rogeriooliveira"]
[Result "1-0"]
[WhiteElo "1708"]
[BlackElo "1492"]

1. e4 e5 2. d4 exd4 3. Nf3 Nc6 4. Bd3 Nf6 5. O-O Bb4 6. Bf4 d6 7. a3 Bc5 8. Nbd2
O-O 9. b4 Bxb4 10. axb4 Ne7 11. Nxd4 Bg4 12. f3 Bd7 13. b5 b6 14. e5 dxe5 15.
Bxe5 Be6 16. Ne4 Nxe4 17. Bxe4 Rb8 18. Rxa7 Qd7 19. Bxc7 Rbc8 20. Bxb6 Rb8 21.
Rxd7 Ng6 22. Nxe6 fxe6 23. Qd6 Rbe8 24. Ba7 Rf6 25. Rd8 Rxd8 26. Qxd8+ Kf7 27.
b6 Ne7 28. b7 Nc6 29. Bxc6 e5 30. Qe8# 1-0

[Event "Let's Play Chess!"]
[Site "http://www.queenalice.com/game.php?id=1275952"]
[Date "2014.4.25"]
[Round "-"]
[White "rogeriooliveira"]
[Black "ricardobianchin"]
[Result "0-1"]
[WhiteElo "1389"]
[BlackElo "1719"]

1. e4 e5 2. d4 exd4 3. Qxd4 Nc6 4. Qd5 Nf6 5. Qd3 Ne5 6. Qe3 d5 7. exd5 Bd6 8.
Nf3 Qe7 9. Bc4 Nfg4 10. Qe2 O-O 11. O-O Bd7 12. b3 Nxf3+ 13. gxf3 Ne5 14. Re1 a6
15. Bf4 Nxf3+ 16. Kf1 Bh3# 0-1

[Event "AUTO-OPEN-3241"]
[Site "http://www.queenalice.com/game.php?id=1276744"]
[Date "2014.4.27"]
[Round "1"]
[White "ricardobianchin"]
[Black "paloberto"]
[Result "0-1"]
[WhiteElo "1722"]
[BlackElo "1779"]

1. e4 c5 2. Nc3 Nc6 3. d3 Nf6 4. Nf3 e5 5. Bg5 Be7 6. Be2 d6 7. O-O O-O 8. Nd5
Nxd5 9. exd5 Nb4 10. c3 Nxd5 11. c4 Nc7 12. Be3 b5 13. a3 bxc4 14. dxc4 e4 15.
Nd2 f5 16. f4 Bb7 17. Nb3 Ne6 18. Nxc5 Nxc5 19. b4 Ne6 20. c5 dxc5 21. b5 Qxd1
22. Raxd1 Rfd8 23. Bc4 Kf7 24. g4 Kf6 25. g5+ Kf7 26. a4 Rxd1 27. Rxd1 Rd8 28.
Be2 Rxd1+ 29. Bxd1 Bd5 30. a5 Bd8 31. b6 axb6 32. a6 h6 33. gxh6 gxh6 34. Be2
Kg6 35. a7 Nc7 36. Kg2 Bf6 37. Kh3 Ba8 38. Kg3 Ne6 39. Bb5 Nd4 40. Be8+ Kg7 41.
h4 Nc2 42. Bc1 Ne1 43. Bd7 Nf3 44. Bxf5 Nxh4 45. Bxe4 Bxe4 0-1

[Event "AUTO-OPEN-3241"]
[Site "http://www.queenalice.com/game.php?id=1276745"]
[Date "2014.4.27"]
[Round "1"]
[White "paloberto"]
[Black "ricardobianchin"]
[Result "1-0"]
[WhiteElo "1811"]
[BlackElo "1732"]

1. d4 d5 2. c4 Nf6 3. Nc3 e6 4. Nf3 dxc4 5. e4 Nc6 6. Bxc4 Bd6 7. e5 Be7 8. exf6
Bxf6 9. Be3 O-O 10. O-O e5 11. dxe5 Nxe5 12. Nxe5 Bxe5 13. Bc5 Bd6 14. Bxd6 cxd6
15. Nd5 a6 16. Re1 Be6 17. Rc1 b5 18. Bb3 Qg5 19. Nc7 Rac8 20. Nxe6 fxe6 21.
Bxe6+ Rf7 22. Rxc8+ 1-0

[Event "AUTO-OPEN-3241"]
[Site "http://www.queenalice.com/game.php?id=1276746"]
[Date "2014.4.27"]
[Round "1"]
[White "ricardobianchin"]
[Black "Tutankamon1"]
[Result "0-1"]
[WhiteElo "1741"]
[BlackElo "1798"]

1. e4 e5 2. Nf3 d6 3. d3 Nc6 4. Nc3 Bg4 5. Be2 Nf6 6. O-O Be7 7. Be3 O-O 8. d4
a6 9. d5 Nb8 10. h3 Bxf3 11. Bxf3 c6 12. b4 cxd5 13. exd5 h6 14. a4 a5 15. Rb1
Qc7 16. Nb5 Qd8 17. c3 axb4 18. Rxb4 Na6 19. Rc4 Rc8 20. Rxc8 Qxc8 21. Qc2 Qc4
22. Na3 Qc8 23. Nb5 Nb4 24. Qb3 Na6 25. c4 e4 26. Be2 Nc5 27. Qb4 Na6 28. Na7
Qb8 29. c5 Nxb4 30. Nb5 dxc5 31. d6 Bxd6 32. Nxd6 Qxd6 33. Rd1 Nfd5 34. Bd2 Nc6
0-1

[Event "AUTO-OPEN-3241"]
[Site "http://www.queenalice.com/game.php?id=1276747"]
[Date "2014.4.27"]
[Round "1"]
[White "Tutankamon1"]
[Black "ricardobianchin"]
[Result "0-1"]
[WhiteElo "1817"]
[BlackElo "1731"]

1. e4 e5 2. Nf3 Nf6 3. d3 Nc6 4. Bg5 Be7 5. Nc3 O-O 6. Be2 h6 7. Bh4 d6 8. Bxf6
Bxf6 9. Nd5 Be6 10. Nxf6+ Qxf6 11. O-O d5 12. Qd2 d4 13. a3 a5 14. h3 a4 15. c3
h5 16. Ng5 h4 17. Nxe6 Qxe6 18. c4 Na5 19. Rab1 Nb3 20. Qc2 Rfd8 21. Bg4 Qf6 22.
Bd1 Qg6 23. c5 Ra5 24. c6 b6 25. Qc4 Nd2 26. Bxa4 Nxc4 27. Bb3 Nd2 28. Bc2 Nxf1
29. Kxf1 Rc5 30. Ba4 b5 31. Bb3 Rxc6 0-1

[Event "AUTO-OPEN-3241"]
[Site "http://www.queenalice.com/game.php?id=1276748"]
[Date "2014.4.27"]
[Round "1"]
[White "ricardobianchin"]
[Black "yclaudiu35"]
[Result "0-1"]
[WhiteElo "1715"]
[BlackElo "2033"]

1. e4 e5 2. Nf3 Qf6 3. d3 h6 4. Nc3 c6 5. Be2 a6 6. Be3 Bb4 7. Qd2 d5 8. a3 Ba5
9. O-O d4 10. Nd5 cxd5 11. Qxa5 dxe3 12. fxe3 dxe4 13. Nxe5 Qg5 14. Qc7 Be6 15.
Qxb7 Qxe5 16. Qxa8 exd3 17. cxd3 Qxe3+ 18. Rf2 Qb6 19. b4 Ne7 20. Qe4 O-O 21.
Bf3 Nd7 22. Rc1 Re8 23. d4 Nf6 24. Qd3 Bf5 25. Qc4 Rc8 26. Qf1 Rxc1 27. Qxc1
Qxd4 28. Be2 Ne4 29. Qf4 g5 30. Qf3 Nxf2 31. Qxf2 Qxf2+ 32. Kxf2 Bc8 33. g3 Kg7
34. a4 Nd5 35. b5 axb5 36. axb5 Kf6 37. Bf3 Nb6 38. h4 Ke5 39. Ke3 g4 40. Be4 f5
41. Bd3 Nd5+ 42. Kd2 Kd4 43. h5 Nc3 44. b6 Ne4+ 0-1

[Event "AUTO-OPEN-3241"]
[Site "http://www.queenalice.com/game.php?id=1276749"]
[Date "2014.4.27"]
[Round "1"]
[White "yclaudiu35"]
[Black "ricardobianchin"]
[Result "0-1"]
[WhiteElo "1776"]
[BlackElo "1712"]

1. e4 e5 2. Nf3 Nc6 3. a3 d6 4. d4 Nf6 5. Bg5 Be7 6. Bb5 Bd7 7. Bxf6 Bxf6 8.
Bxc6 Bxc6 9. d5 Bd7 10. O-O O-O 11. c4 Bg4 12. h3 Bh5 13. Nc3 c5 14. g4 Bg6 15.
Nh2 a6 16. f4 exf4 17. Rxf4 Bd4+ 18. Kg2 Qg5 19. Qd2 Be5 20. Rf2 Qh4 21. Qd3
Bxh2 22. Rf3 Be5 23. Raf1 Rab8 24. Nd1 Rbe8 25. b3 a5 26. Nf2 h5 27. Nh1 hxg4
28. Re3 Bd4 29. Rf4 Bxe3 30. Qxe3 gxh3+ 31. Kh2 Qg5 32. Ng3 Rb8 33. Kxh3 b6 34.
Qf3 b5 35. cxb5 Rxb5 36. Rg4 Qh6+ 37. Rh4 Qc1 38. a4 Rb4 39. Kg4 Qa3 40. Qh1 f5+
41. Kg5 Rf6 42. Nxf5 Qxb3 43. Ne7+ Kf7 44. Nc6 Rxa4 45. Qg2 Qf3 46. Nd8+ Ke7 47.
Nc6+ Kd7 48. Qxf3 Rxf3 49. Kxg6 Rg3+ 50. Kf7 c4 51. e5 dxe5 52. Nxe5+ Kd6 53.
Rxc4 Rga3 54. Rxa4 Rxa4 55. Nd3 g5 0-1

[Event "Challenge"]
[Site "http://www.queenalice.com/game.php?id=1318009"]
[Date "2014.10.26"]
[Round "-"]
[White "ricardobianchin"]
[Black "gobblemate"]
[Result "0-1"]
[WhiteElo "1750"]
[BlackElo "1913"]

1. e4 e5 2. d3 Bc5 3. Be3 Bxe3 4. fxe3 Nf6 5. Nc3 d6 6. Nf3 Bg4 7. h3 Be6 8. d4
O-O 9. d5 Bd7 10. Bc4 a5 11. Qd2 Na6 0-1